000 00601nam a2200205 a 4500
005 20140310183223.0
008 030929s19uu xx 00 eng d
020 _a0-534-56235-3
050 _aP 94
_b.D39 2003
100 _aDay, Louis Alvin
245 _aEthics in media communications :
_bcases & controversies /
_cLouis Alvin Day.
250 _a4th ed.
260 _aAustralia :
_bThomson wadsworth,
_c2003.
300 _axii, 468 p. :
_c24cm.
500 _aIncludes Index
650 _aJournalism ethics
650 _aMedia communications ethics
942 _cBK
_2lcc
_kFOR
999 _c20353
_d20353